The submarine pioneers /

Bibliographic Details
Main Author: Compton-Hall, Richard
Format: Book
Language:English
Published: Stroud : Sutton, 1999.
Subjects:

MARC

Tag First Indicator Second Indicator Subfields
LEADER 00000cam a2200000 a 4500
001 in00001565310
005 20151022083821.0
008 991004s1999 enkac b 001 0 eng d
015 |a GB99-V4721 
020 |a 0750921544 
029 0 |a UKM  |b b99V4721 
035 |a (OCoLC)ocm42621389 
035 |a (OCoLC)ocm42621389  
040 |a UKM  |c UKM  |d C#P  |d TXA  |d UtOrBLW 
049 |a TXAM 
050 4 |a V857  |b .C66 1999 
082 0 4 |a 623.8205  |2 21 
100 1 |a Compton-Hall, Richard. 
245 1 4 |a The submarine pioneers /  |c Richard Compton-Hall. 
264 1 |a Stroud :  |b Sutton,  |c 1999. 
300 |a x, 182 pages :  |b illustrations, portraits ;  |c 26 cm. 
336 |a text  |b txt  |2 rdacontent 
337 |a unmediated  |b n  |2 rdamedia 
338 |a volume  |b nc  |2 rdacarrier 
504 |a Includes bibliographical references (pages 174-176) and index. 
650 0 |a Submarines (Ships)  |x History. 
948 |a cataloged  |b h  |c 2001/2/15  |d c  |e jspillan  |f 10:21:08 am 
994 |a E0  |b TXA 
999 |a MARS 
999 f f |s 893a4ca2-495d-3fbf-9a92-8a21a289bed1  |i b40be8cd-006c-3f21-9ca7-6ec1333eb018  |t 0 
952 f f |p ric  |a Texas A&M University  |b Rellis Campus  |c Joint Library Facility  |d Remote Storage  |t 0  |e V857 .C66 1999  |h Library of Congress classification  |i unmediated -- volume  |m A14827176099 
998 f f |a V857 .C66 1999  |t 0  |l Remote Storage